Konkurencieschopnosť krajín v kontexte ich produktivity a pridanej hodnoty diplomová práca

Enregistré dans:
Détails bibliographiques
Auteur principal: Bielik, Jakub
Collectivité auteur: Obchodná fakulta EU. Katedra medzinárodného obchodu
Autres auteurs: Steinhauser, Dušan, 1988-
Format: Livre
Langue:slovaque
Publié: Bratislava 2023
Tags: Ajouter un tag
Pas de tags, Soyez le premier à ajouter un tag!

MARC

LEADER 00000nbm a2200000 4500
001 0293785
005 20240212094125.8
041 0 |a slo 
044 |a SK 
245 1 0 |a Konkurencieschopnosť krajín v kontexte ich produktivity a pridanej hodnoty  |b diplomová práca  |c Jakub Bielik ; školiteľ: Dušan Steinhauser 
264 1 |a Bratislava  |c 2023 
300 |a 58 s. 
100 1 |a Bielik, Jakub 
700 1 |a Steinhauser, Dušan, 1988- 
710 2 |a Obchodná fakulta EU. Katedra medzinárodného obchodu